[Event "III Memorial E.Geller - Open A"]
[Site "Odessa UCR"]
[Date "2007.09.10"]
[Round "3"]
[White "Oleksienko, Mikhailo"]
[Black "Golubev, Mikhail"]
[Result "0-1"]
[WhiteElo "2567"]
[BlackElo "2472"]
[PlyCount "90"]
[EventDate "2007.09.08"]
[Source "www.chesslib.no"]
[SourceDate "2004.05.04"]

1. e4 c5 2. Nf3 d6 3. d4 cxd4 4. Nxd4 Nf6 5. Nc3 g6 6. Be3 Bg7 7. Be2 Nc6 8. Nb3 O-O 9. f4 Be6 10. g4 Rc8 11. O-O Nb4 12. Nd4 Bc4 13. a3 Na6 14. g5 Nd7 15. Rb1 Nb6 16. Ncb5 Bxb5 17. Nxb5 Nc4 18. Bxc4 Rxc4 19. Qd3 Qc8 20. Nxa7 Qg4+ 21. Kh1 Qe6 22. e5 dxe5 23. b3 Rc7 24. c4 Nc5 25. f5 Qa6 26. Qd5 Qxa7 27. f6 exf6 28. gxf6 Bh8 29. b4 b6 30. bxc5 bxc5 31. Qxe5 Rcc8 32. Rb3 Qa4 33. Rc3 Rfe8 34. Qd5 Red8 35. Qf3 Rc6 36. Bg5 h6 37. Bh4 Qa8 38. Qg2 Bxf6 39. Bxf6 Rxf6 40. Ra1 Qa5 41. Rf3 Rxf3 42. Qxf3 Qa4 43. Qe3 Qxc4 44. Rc1 Qd5+ 45. Kg1 Qd4 0-1

[Event "Graz Open"]
[Site "Graz AUT"]
[Date "1987.??.??"]
[Round "9"]
[White "Radulov, Ivan G"]
[Black "Watson, William N"]
[Result "1/2-1/2"]
[WhiteElo "2435"]
[BlackElo "2500"]
[PlyCount "79"]
[EventDate "1987.10.??"]
[Source "www.chesslib.no"]
[SourceDate "2004.05.04"]

1. e4 c5 2. Nf3 d6 3. d4 cxd4 4. Nxd4 Nf6 5. Nc3 g6 6. Be3 Bg7 7. Be2 O-O 8. O-O Nbd7 9. Qd2 Re8 10. Nb3 Qc7 11. f4 a6 12. a4 b6 13. Bf3 Bb7 14. g4 Nc5 15. Nxc5 bxc5 16. Rad1 Rab8 17. b3 Bc6 18. g5 Nd7 19. h4 Rb4 20. e5 Nb6 21. Bxc6 Qxc6 22. a5 Nc8 23. Nd5 Rb5 24. Qg2 Qd7 25. Bd2 c4 26. bxc4 Rc5 27. Be3 Rxc4 28. Nb6 Nxb6 29. axb6 Qf5 30. b7 Rb8 31. Ba7 Rxc2 32. Qxc2 Qxc2 33. Bxb8 Qb3 34. Rb1 Qg3+ 35. Kh1 Qxh4+ 36. Kg2 Qg4+ 37. Kh2 Qh4+ 38. Kg2 Qg4+ 39. Kh2 Qh4+ 40. Kg2 1/2-1/2

[Event "BCF Ch"]
[Site "Southport ENG"]
[Date "1983.??.??"]
[Round "8"]
[White "Thipsay, Praveen Mahadeo"]
[Black "Mestel, Jonathan"]
[Result "0-1"]
[WhiteElo "2425"]
[BlackElo "2505"]
[PlyCount "54"]
[EventDate "1983.08.??"]
[Source "www.chesslib.no"]
[SourceDate "2004.05.04"]

1. e4 c5 2. Nf3 d6 3. d4 cxd4 4. Nxd4 Nf6 5. Nc3 g6 6. Be3 Bg7 7. Be2 O-O 8. O-O a6 9. f4 Qc7 10. Qd2 Nbd7 11. Kh1 Nb6 12. Qd3 Bd7 13. Rad1 Rac8 14. f5 Nc4 15. Bc1 b5 16. Qg3 Qc5 17. Qh4 Rfe8 18. fxg6 fxg6 19. Nd5 Nxd5 20. exd5 Bf6 21. Qe4 Nb6 22. Nb3 Qxc2 23. Bd3 Qc7 24. Rf3 Nc4 25. Rg3 Ne5 26. Bf4 Nxd3 27. Rgxd3 Bf5 0-1

[Event "Chigorin mem"]
[Site "St Petersburg"]
[Date "1999.11.05"]
[Round "4"]
[White "Asrian, Karen"]
[Black "Nikanorov, Andrej"]
[Result "1-0"]
[WhiteElo "2575"]
[BlackElo "2340"]
[PlyCount "61"]
[EventDate "1999.11.02"]
[Source "ChessBase"]
[SourceDate "2000.02.01"]

1. e4 c5 2. Nf3 d6 3. d4 cxd4 4. Nxd4 Nf6 5. Nc3 g6 6. Be3 Bg7 7. Be2 O-O 8. f4 Nc6 9. Nb3 Be6 10. g4 Na5 11. g5 Nd7 12. Bd4 Bxd4 13. Qxd4 Qb6 14. Qxb6 axb6 15. Nd4 Bc4 16. Bg4 e5 17. Ndb5 f5 18. Bh3 Bxb5 19. Nxb5 Nc4 20. O-O Nc5 21. exf5 gxf5 22. Nc7 Ne3 23. Nxa8 Nxf1 24. Rxf1 Rxa8 25. fxe5 dxe5 26. Bxf5 Ra4 27. Re1 e4 28. a3 Rd4 29. b4 Na4 30. Rxe4 Rd2 31. Re7 1-0

[Event "RUS-ch KO"]
[Site "Moscow"]
[Date "1999.12.18"]
[Round "2.4"]
[White "Kokarev, Dmitry"]
[Black "Yevseev, Denis"]
[Result "0-1"]
[WhiteElo "2370"]
[BlackElo "2539"]
[PlyCount "70"]
[EventDate "1999.12.04"]
[Source "ChessBase"]
[SourceDate "2000.04.05"]

1. e4 c5 2. Nf3 d6 3. d4 cxd4 4. Nxd4 Nf6 5. Nc3 g6 6. Be3 Bg7 7. Be2 O-O 8. O-O Nbd7 9. f4 a6 10. Bf3 e5 11. Nde2 exf4 12. Nxf4 Ne5 13. Be2 b5 14. Nfd5 Nfd7 15. Qd2 Bb7 16. Bg5 Qb8 17. Rad1 Re8 18. Kh1 b4 19. Nxb4 Nc5 20. Qxd6 Nxe4 21. Qxb8 Raxb8 22. Nbd5 Nxg5 23. b3 Rbc8 24. h4 Ne6 25. Ne4 Bxd5 26. Rxd5 Rxc2 27. Bxa6 Rxa2 28. Bc4 Nxc4 29. bxc4 Rc2 30. Rfd1 Rb8 31. c5 Rc4 32. Re1 Rbb4 33. Nd6 Rxc5 34. Rxc5 Rxh4+ 35. Kg1 Bd4+ 0-1

[Event "Oberwart Open"]
[Site "Oberwart AUT"]
[Date "1991.??.??"]
[Round "?"]
[White "Schuh, Franz"]
[Black "Yurtaev, Leonid"]
[Result "0-1"]
[WhiteElo "2355"]
[BlackElo "2525"]
[PlyCount "58"]
[EventDate "1991.07.??"]
[Source "www.chesslib.no"]
[SourceDate "2004.05.04"]

1. e4 c5 2. Nf3 d6 3. d4 cxd4 4. Nxd4 Nf6 5. Nc3 g6 6. Be3 Bg7 7. Be2 Nc6 8. f4 O-O 9. Nb3 a6 10. g4 b5 11. g5 Nd7 12. Qd2 Bb7 13. O-O-O Na5 14. h4 Rc8 15. Nd5 Nxb3+ 16. axb3 e6 17. h5 exd5 18. hxg6 fxg6 19. Bg4 Re8 20. f5 Rxe4 21. f6 Rxg4 22. fxg7 Qc7 23. c3 Ne5 24. Rxh7 Kxh7 25. Qh2+ Kxg7 26. Rh1 Kf7 27. Qf2+ Kg8 28. Qf6 Qg7 29. Qe6+ Qf7 0-1

[Event "Moscow Alekhine op"]
[Site "Moscow"]
[Date "1996.??.??"]
[Round "7"]
[White "Nikolenko, Oleg"]
[Black "Olenin, Nikolay"]
[Result "1-0"]
[WhiteElo "2485"]
[BlackElo "2380"]
[PlyCount "83"]
[EventDate "1996.??.??"]
[Source "www.chesslib.no"]
[SourceDate "2004.05.04"]

1. e4 c5 2. Nf3 d6 3. d4 cxd4 4. Nxd4 Nf6 5. Nc3 g6 6. Be3 Bg7 7. Be2 O-O 8. Nb3 Nc6 9. f4 Be6 10. g4 Na5 11. g5 Nd7 12. Qd2 Rc8 13. Bd4 Nc4 14. Bxc4 Rxc4 15. Bxg7 Kxg7 16. O-O-O b5 17. Rde1 b4 18. Nd5 Nc5 19. f5 gxf5 20. exf5 Bxf5 21. Ne3 Rf4 22. Nd4 Bg6 23. Nc6 Qc7 24. Nd5 Nd3+ 25. Kb1 Qxc6 26. Nxf4 Nxf4 27. Qxf4 b3 28. Rhf1 Rb8 29. Rxe7 bxc2+ 30. Kc1 Qd5 31. Rfe1 h5 32. gxh6+ Kh7 33. b3 a5 34. Rf1 Rb7 35. Qf6 Kxh6 36. Qh8+ Kg5 37. h4+ Kg4 38. Qc8+ Kxh4 39. Rxb7 Qg5+ 40. Kb2 Qg2 41. Qc4+ Kh3 42. Rbxf7 1-0

[Event "St Petersburg op"]
[Site "St Petersburg"]
[Date "1995.??.??"]
[Round "7"]
[White "Galkin, Alexander"]
[Black "Vulfson, Vladimir"]
[Result "1-0"]
[WhiteElo "2415"]
[BlackElo "2435"]
[PlyCount "41"]
[EventDate "1995.05.??"]
[Source "ChessBase"]

1. e4 c5 2. Nf3 d6 3. d4 cxd4 4. Nxd4 Nf6 5. Nc3 g6 6. Be3 Bg7 7. Be2 O-O 8. O-O b6 9. Bf3 Bb7 10. e5 Bxf3 11. Qxf3 dxe5 12. Ne6 fxe6 13. Qxa8 Qc7 14. Qf3 e4 15. Nxe4 Qxc2 16. Nxf6+ Bxf6 17. Qb7 Bxb2 18. Rad1 Kf7 19. Rd2 Qc3 20. Qf3+ Kg7 21. Bh6+ 1-0

[Event "Schneider Memorial"]
[Site "Budapest HUN"]
[Date "1994.??.??"]
[Round "?"]
[White "Galanov, Boris"]
[Black "Farago, Sandor"]
[Result "1/2-1/2"]
[WhiteElo "2435"]
[BlackElo "2390"]
[PlyCount "29"]
[EventDate "1994.??.??"]
[Source "www.chesslib.no"]
[SourceDate "2004.05.04"]

1. e4 c5 2. Nf3 d6 3. d4 cxd4 4. Nxd4 Nf6 5. Nc3 g6 6. Be3 Bg7 7. Be2 O-O 8. Nb3 b6 9. Bf3 e5 10. O-O Nc6 11. Qd2 Qe7 12. Rad1 Rd8 13. Bg5 Be6 14. Rfe1 Qf8 15. Nd5 1/2-1/2

[Event "Open"]
[Site "Kavala GRE"]
[Date "2007.08.10"]
[Round "7"]
[White "Oleksienko, M."]
[Black "Dimitrov, R."]
[Result "1-0"]
[WhiteElo "2567"]
[BlackElo "2254"]
[PlyCount "57"]
[EventDate "2007.08.05"]
[Source "www.chesslib.no"]
[SourceDate "2004.05.04"]

1. e4 c5 2. Nf3 d6 3. d4 cxd4 4. Nxd4 Nf6 5. Nc3 g6 6. Be3 Bg7 7. Be2 O-O 8. f4 Nc6 9. Nb3 e5 10. O-O Be6 11. f5 gxf5 12. exf5 Bxb3 13. axb3 d5 14. Bg5 Ne7 15. Kh1 d4 16. Bxf6 Bxf6 17. Ne4 Nd5 18. Bc4 Ne3 19. Qh5 Kh8 20. Rf3 Rg8 21. Qxf7 Rf8 22. Qxb7 Nxc4 23. bxc4 Rb8 24. Qxa7 Rxb2 25. Rh3 Qe7 26. g4 Rb7 27. Qc5 Qf7 28. g5 Bg7 29. Rxh7+ 1-0

[Event "UKR-ch U16"]
[Site "?"]
[Date "2003.??.??"]
[Round "5"]
[White "Kononenko Dmitry"]
[Black "Tarlev Konstantin"]
[Result "0-1"]
[WhiteElo "2443"]
[BlackElo "2357"]
[PlyCount "112"]
[EventDate "2003.??.??"]
[Source "www.chesslib.no"]
[SourceDate "2004.05.04"]

1. e4 c5 2. Nf3 d6 3. d4 cxd4 4. Nxd4 Nf6 5. Nc3 g6 6. Be3 Bg7 7. Be2 Nc6 8. Nb3 O-O 9. f4 Be6 10. g4 Rc8 11. g5 Nd7 12. h4 Nc5 13. Bf3 Nb4 14. Qd2 Qb6 15. h5 Nxb3 16. cxb3 Nc2+ 17. Ke2 Nxe3 18. Qxe3 Qxe3+ 19. Kxe3 Bxc3 20. bxc3 Rxc3+ 21. Kf2 Rfc8 22. Rhd1 Rc2+ 23. Ke3 Rh2 24. Rdc1 Rhc2 25. Rxc2 Rxc2 26. Kd3 Rc5 27. b4 Rc7 28. a3 Kg7 29. h6+ Kf8 30. Kd2 Bd7 31. Be2 e5 32. Rf1 exf4 33. Rxf4 Ke7 34. Rf6 Be6 35. Bd3 a5 36. Rf1 axb4 37. axb4 Rc8 38. Ra1 f6 39. Ra7 Rb8 40. Ba6 Bc8 41. Bc4 fxg5 42. Ke3 Kf6 43. Bd5 g4 44. Kd4 g3 45. Ke3 Kg5 46. Kf3 Kxh6 47. Kxg3 Kg5 48. Ra5 Kf6 49. Ra7 g5 50. b5 h5 51. b6 h4+ 52. Kf3 g4+ 53. Kf4 g3 54. Kf3 Kg5 55. Kg2 Kf4 56. Ra4 h3+ 0-1

[Event "Malta ol (Men)"]
[Site "La Valetta"]
[Date "1980.??.??"]
[Round "?"]
[White "Tseshkovsky, Vitaly V"]
[Black "Apol, Luitjen"]
[Result "1/2-1/2"]
[WhiteElo "2595"]
[BlackElo "2200"]
[PlyCount "82"]
[EventDate "1980.11.??"]
[Source "www.chesslib.no"]
[SourceDate "2004.05.04"]

1. e4 c5 2. Nf3 d6 3. d4 cxd4 4. Nxd4 Nf6 5. Nc3 g6 6. Be3 Bg7 7. Be2 Nc6 8. Qd2 O-O 9. f3 a6 10. g4 Nxd4 11. Bxd4 b5 12. Be3 Bb7 13. a3 Rc8 14. h4 Qa5 15. O-O Rfe8 16. Rab1 Nd7 17. Bd4 Bxd4+ 18. Qxd4 Qb6 19. Rbd1 Qxd4+ 20. Rxd4 Ne5 21. Rc1 Rc7 22. Nd5 Bxd5 23. Rxd5 Rec8 24. c3 Nc4 25. Bxc4 Rxc4 26. Rcd1 R4c5 27. Kf2 Kg7 28. Ke3 Kf6 29. f4 h6 30. Rxc5 Rxc5 31. Rd5 Ke6 32. f5+ Kf6 33. e5+ Kg7 34. Rxc5 dxc5 35. Ke4 gxf5+ 36. gxf5 e6 37. h5 Kf8 38. b4 cxb4 39. cxb4 Ke7 40. fxe6 Kxe6 41. Kd4 Kd7 1/2-1/2

[Event "Komercni Banka op"]
[Site "Pardubice"]
[Date "1996.??.??"]
[Round "1"]
[White "Hadraba, Vladimir"]
[Black "Anagnostopoulos, Dimitri"]
[Result "1-0"]
[WhiteElo "2275"]
[BlackElo "2515"]
[PlyCount "147"]
[EventDate "1996.07.??"]
[Source "www.chesslib.no"]
[SourceDate "2004.05.04"]

1. e4 c5 2. Nf3 d6 3. d4 cxd4 4. Nxd4 Nf6 5. Nc3 g6 6. Be3 Bg7 7. Be2 O-O 8. f4 Nc6 9. Nb3 Be6 10. g4 Na5 11. g5 Nd7 12. Bd4 Rc8 13. Bxg7 Kxg7 14. Qd4+ f6 15. O-O-O Nc6 16. Qd2 fxg5 17. f5 gxf5 18. Qxg5+ Kh8 19. Rhg1 Rg8 20. Qh6 Nf6 21. Nc5 Nd4 22. Nxe6 Nxe6 23. exf5 Nd4 24. Rxg8+ Nxg8 25. Qf4 Nxe2+ 26. Nxe2 Qa5 27. a3 Nf6 28. Nd4 Qa4 29. Qe3 Re8 30. Rg1 Qc4 31. c3 Qd5 32. Qe6 a6 33. Kd2 b5 34. Ke3 Qc5 35. Kd2 Qc4 36. Qxc4 bxc4 37. Nc6 Rc8 38. Nxe7 Rc5 39. Rg2 a5 40. Kc2 Re5 41. Nc8 d5 42. Nd6 Re7 43. b3 Rd7 44. Nb5 cxb3+ 45. Kxb3 Ne4 46. a4 Rf7 47. Nd4 Rb7+ 48. Kc2 Rc7 49. Nb5 Rc4 50. f6 Nxf6 51. Nd6 Rc7 52. Kd3 Ne4 53. Nxe4 dxe4+ 54. Kd4 e3 55. Re2 Rd7+ 56. Kxe3 Rd1 57. Rg2 Ra1 58. Rg4 h6 59. Kd3 Kh7 60. h4 Ra2 61. Ke3 Rb2 62. Kd4 Ra2 63. Kc5 Rb2 64. Kd5 Rb3 65. c4 Rb4 66. Rd4 Rxa4 67. c5 Ra1 68. c6 Rc1 69. Rc4 Rd1+ 70. Kc5 Rd8 71. c7 Ra8 72. Ra4 Kg6 73. Kb6 Re8 74. Kb7 1-0

[Event "EU Ch U20"]
[Site "Holon"]
[Date "1995.??.??"]
[Round "3"]
[White "Stocek, Jiri"]
[Black "Van de Mortel, Jan"]
[Result "1-0"]
[WhiteElo "2480"]
[BlackElo "2310"]
[PlyCount "69"]
[EventDate "1995.11.??"]
[Source "www.chesslib.no"]
[SourceDate "2004.05.04"]

1. e4 c5 2. Nf3 d6 3. d4 cxd4 4. Nxd4 Nf6 5. Nc3 g6 6. Be3 Bg7 7. Be2 O-O 8. Nb3 Nc6 9. f4 Be6 10. g4 d5 11. f5 Bc8 12. exd5 Nb4 13. Bf3 gxf5 14. a3 fxg4 15. Bg2 Nbxd5 16. Nxd5 Nxd5 17. Bxd5 e6 18. Bg2 Qh4+ 19. Bf2 Qg5 20. c3 h5 21. Qd2 Qxd2+ 22. Nxd2 Bd7 23. O-O-O f5 24. Nc4 Bb5 25. Na5 Rae8 26. Nxb7 Ba4 27. Rd6 e5 28. Nc5 Bb5 29. Bd5+ Kh7 30. c4 Rd8 31. Rxd8 Rxd8 32. Be6 Bh6+ 33. Kb1 Bc6 34. Bxf5+ Kh8 35. Be4 1-0

[Event "Budapest FS04 IM"]
[Site "Budapest HUN"]
[Date "1995.??.??"]
[Round "5"]
[White "Knezevic, Bojan"]
[Black "Kahn, Evarth"]
[Result "0-1"]
[WhiteElo "2390"]
[BlackElo "2400"]
[PlyCount "50"]
[EventDate "1995.04.??"]
[Source "www.chesslib.no"]
[SourceDate "2004.05.04"]

1. e4 c5 2. Nf3 d6 3. d4 cxd4 4. Nxd4 Nf6 5. Nc3 g6 6. Be3 Bg7 7. Be2 O-O 8. Qd2 Nc6 9. O-O-O Ng4 10. Bxg4 Bxg4 11. f3 Be6 12. Kb1 Qa5 13. Nde2 Rfc8 14. Nd5 Bxd5 15. Qxd5 Qa6 16. Qd2 Bxb2 17. Kxb2 Ne5 18. Ka1 Nc4 19. Qd3 Nxe3 20. Qxe3 Rxc2 21. Nc1 Rac8 22. Qb3 R8c3 23. Qb1 Rxg2 24. Rd3 Qc4 25. Rhd1 Rgc2 0-1

[Event "Schneider Memorial"]
[Site "Budapest HUN"]
[Date "1994.??.??"]
[Round "?"]
[White "Galanov, Boris"]
[Black "Parkanyi, Attila"]
[Result "1-0"]
[WhiteElo "2435"]
[BlackElo "2345"]
[PlyCount "69"]
[EventDate "1994.??.??"]
[Source "www.chesslib.no"]
[SourceDate "2004.05.04"]

1. e4 c5 2. Nf3 d6 3. d4 cxd4 4. Nxd4 Nf6 5. Nc3 g6 6. Be3 Bg7 7. Be2 Nc6 8. Nb3 O-O 9. f4 Be6 10. g4 Rc8 11. g5 Nd7 12. Qd2 Bxb3 13. axb3 a6 14. h4 b5 15. h5 Nb4 16. hxg6 hxg6 17. Bg4 e6 18. Rd1 Re8 19. Kf1 Rc6 20. e5 Nb6 21. Ne4 Rxc2 22. Qxb4 Nd5 23. Rxd5 exd5 24. Nxd6 Re7 25. Qd4 Qa5 26. Bd1 Qa1 27. Qxd5 Rxb2 28. Nxf7 Rxf7 29. e6 Rf5 30. e7+ Rxd5 31. e8=Q+ Bf8 32. Qxg6+ Bg7 33. Qe8+ Bf8 34. Qe6+ Kg7 35. Qf6+ 1-0

[Event "Zuerich Open"]
[Site "Zurich SUI"]
[Date "1995.??.??"]
[Round "5"]
[White "Glek, Igor V"]
[Black "Nazarenus, Olaf"]
[Result "1-0"]
[WhiteElo "2590"]
[BlackElo "2170"]
[PlyCount "51"]
[EventDate "1995.12.??"]
[Source "www.chesslib.no"]
[SourceDate "2004.05.04"]

1. e4 c5 2. Nf3 d6 3. d4 cxd4 4. Nxd4 Nf6 5. Nc3 g6 6. Be3 Bg7 7. Be2 O-O 8. Qd2 Nc6 9. O-O-O Nxd4 10. Bxd4 Be6 11. Kb1 b5 12. Bf3 b4 13. Nd5 Bxd5 14. exd5 a5 15. g4 Qc7 16. h4 Rfc8 17. h5 a4 18. hxg6 hxg6 19. g5 b3 20. cxb3 axb3 21. axb3 Qb7 22. Qd3 Qb4 23. gxf6 Qa5 24. Bc3 Qa2+ 25. Kc2 Bxf6 26. Ra1 1-0

[Event "Open"]
[Site "Zuerich open"]
[Date "1995.??.??"]
[Round "5"]
[White "Glek, Igor V"]
[Black "Nazarenus, Olaf"]
[Result "1-0"]
[WhiteElo "2590"]
[BlackElo "2170"]
[PlyCount "51"]
[EventDate "1995.??.??"]
[Source "www.chesslib.no"]
[SourceDate "2004.05.04"]

1. e4 c5 2. Nf3 d6 3. d4 cxd4 4. Nxd4 Nf6 5. Nc3 g6 6. Be3 Bg7 7. Be2 O-O 8. Qd2 Nc6 9. O-O-O Nxd4 10. Bxd4 Be6 11. Kb1 b5 12. Bf3 b4 13. Nd5 Bxd5 14. exd5 a5 15. g4 Qc7 16. h4 Nxd5 17. Rh2 Rfb8 18. Rh3 Kh8 19. Be2 Rb5 20. c3 Ra7 21. Ka1 Qb8 22. Qc2 Qb6 23. Bxb5 Qxb5 24. Rd2 bxc3 25. b4 e5 26. Qb2 1-0

[Event "Match \"]
[Site "Salatsgriva LAT"]
[Date "1982.??.??"]
[Round "?"]
[White "Berzinsh, Roland"]
[Black "Raud, Rainer"]
[Result "0-1"]
[WhiteElo "2390"]
[BlackElo "2365"]
[PlyCount "66"]
[EventDate "1982.??.??"]
[Source "www.chesslib.no"]
[SourceDate "2004.05.04"]

1. e4 c5 2. Nf3 d6 3. d4 cxd4 4. Nxd4 Nf6 5. Nc3 g6 6. Be3 Bg7 7. Be2 O-O 8. f4 Nbd7 9. Nb3 a6 10. Bf3 Qc7 11. Qd3 Rb8 12. Ba7 Ra8 13. Be3 Rb8 14. a4 b6 15. O-O Nc5 16. Nxc5 bxc5 17. b3 Rb4 18. Na2 Rb8 19. Rae1 c4 20. Qd1 cxb3 21. cxb3 Be6 22. Nc1 Rb4 23. Bd4 Rc8 24. Qd3 Qc2 25. Bxf6 Bxf6 26. Qxa6 Bc3 27. Rd1 Bd2 28. Ne2 Rxb3 29. Kh1 Rxf3 30. gxf3 Bh3 31. Rg1 Be3 32. f5 Rc4 33. a5 Qxe2 0-1

[Event "CRO-chT"]
[Site "Pula"]
[Date "2001.09.12"]
[Round "3"]
[White "Krstic, Uros"]
[Black "Jovanovic, Zoran2"]
[Result "1-0"]
[WhiteElo "2343"]
[BlackElo "2407"]
[PlyCount "86"]
[EventDate "2001.09.10"]
[Source "ChessBase"]
[SourceDate "2001.10.26"]

1. e4 c5 2. Nf3 d6 3. d4 cxd4 4. Nxd4 Nf6 5. Nc3 g6 6. Be3 Bg7 7. Be2 O-O 8. h4 Nc6 9. h5 d5 10. Nxc6 bxc6 11. hxg6 hxg6 12. e5 Ne4 13. Nxe4 dxe4 14. Bd4 Qc7 15. Qc1 Rd8 16. Bc3 Be6 17. Qf4 Rd5 18. Qxe4 Bf5 19. Qh4 Rc5 20. f4 Rxc3 21. bxc3 Qa5 22. Kf1 Qxc3 23. Rd1 Re8 24. Qe1 Qxc2 25. Qd2 Qa4 26. Rc1 Be6 27. Bf3 Bd5 28. Bxd5 cxd5 29. Rh3 g5 30. Rd3 e6 31. f5 exf5 32. Qxg5 Qe4 33. Re3 Qg4 34. Qxg4 fxg4 35. Rd1 Bxe5 36. Rxd5 f6 37. Rd7 a6 38. Rb3 g3 39. Ke2 Rc8 40. Rbb7 f5 41. Rd5 Re8 42. Kf3 f4 43. Kg4 Kf8 1-0

[Event "It (cat.2)"]
[Site "Marianske Lazne (Czech Republ"]
[Date "2007.01.25"]
[Round "9"]
[White "Weinzettl Ernst (AUT)"]
[Black "Plischki Sebastian (GER)"]
[Result "1/2-1/2"]
[WhiteElo "2364"]
[BlackElo "2381"]
[PlyCount "40"]
[EventDate "2007.??.??"]
[Source "www.chesslib.no"]
[SourceDate "2004.05.04"]

1. e4 c5 2. Nf3 d6 3. d4 cxd4 4. Nxd4 Nf6 5. Nc3 g6 6. Be3 Bg7 7. Be2 O-O 8. h4 d5 9. e5 Ne4 10. Nxe4 dxe4 11. h5 Qa5+ 12. c3 Qxe5 13. hxg6 hxg6 14. Qd2 Nc6 15. O-O-O Bd7 16. Rh4 Rac8 17. Kb1 Nxd4 18. Bxd4 e3 19. Qxe3 Bf5+ 20. Kc1 Qxe3+ 1/2-1/2

[Event "Budapest FS08 IM-A"]
[Site "Budapest HUN"]
[Date "1995.??.??"]
[Round "13"]
[White "Meyer, Peter"]
[Black "Pirisi, Gabor"]
[Result "1/2-1/2"]
[WhiteElo "2335"]
[BlackElo "2405"]
[PlyCount "23"]
[EventDate "1995.08.??"]
[Source "www.chesslib.no"]
[SourceDate "2004.05.04"]

1. e4 c5 2. Nf3 d6 3. d4 cxd4 4. Nxd4 Nf6 5. Nc3 g6 6. Be3 Bg7 7. Be2 O-O 8. O-O d5 9. exd5 Nxd5 10. Nxd5 Qxd5 11. Nb3 Qxd1 12. Raxd1 1/2-1/2

[Event "Dato Arthur Tan Malaysian Op"]
[Site "Kuala Lumpur MAS"]
[Date "2007.08.24"]
[Round "8"]
[White "Nolte, R."]
[Black "Lim Yee Weng"]
[Result "0-1"]
[WhiteElo "2396"]
[BlackElo "2336"]
[PlyCount "70"]
[EventDate "2007.08.20"]
[Source "www.chesslib.no"]
[SourceDate "2004.05.04"]

1. e4 c5 2. Nf3 d6 3. d4 cxd4 4. Nxd4 Nf6 5. Nc3 g6 6. Be3 Bg7 7. Be2 Nc6 8. Nb3 O-O 9. f4 Be6 10. g4 Rc8 11. f5 Bd7 12. Qd2 Ne5 13. g5 Rxc3 14. gxf6 Rxe3 15. Qxe3 Bxf6 16. O-O-O Qc7 17. Kb1 Rc8 18. Rc1 b5 19. fxg6 hxg6 20. c3 Nc4 21. Bxc4 Qxc4 22. Nd2 Qa4 23. h4 Be6 24. a3 Rc5 25. Qe2 Rh5 26. Nf3 Qb3 27. Nd4 Qa2+ 28. Kc2 Rc5 29. Qe3 Bxd4 30. Qxd4 Bb3+ 31. Kd3 Qxb2 32. Ke3 Bc2 33. Qd2 Rxc3+ 34. Kf2 Qxa3 35. h5 Qc5+ 0-1

[Event "EU-chT U18"]
[Site "Balatonlelle"]
[Date "2000.07.11"]
[Round "3"]
[White "Kovchan, Alexander"]
[Black "Sebe, Razvan"]
[Result "0-1"]
[WhiteElo "2420"]
[BlackElo "2303"]
[PlyCount "98"]
[EventDate "2000.07.09"]
[Source "ChessBase"]
[SourceDate "2000.09.14"]

1. e4 c5 2. Nf3 d6 3. d4 cxd4 4. Nxd4 Nf6 5. Nc3 g6 6. Be3 Bg7 7. Be2 O-O 8. Nb3 Nc6 9. f4 e5 10. O-O exf4 11. Bxf4 Re8 12. Bf3 Ne5 13. Kh1 a6 14. a4 Qc7 15. Be2 Be6 16. Nd4 Bc4 17. Rc1 Rac8 18. b3 Bxe2 19. Ndxe2 Qc6 20. Qd4 Nh5 21. Qd2 Ng4 22. Rf3 Nxf4 23. Qxf4 Qd7 24. h3 Ne5 25. Rff1 Nc6 26. Nd5 Qe6 27. Rcd1 Nd8 28. Nf6+ Bxf6 29. Qxf6 Qxf6 30. Rxf6 Rxe4 31. Rfxd6 Ne6 32. R1d2 Rc7 33. Kg1 Kf8 34. Kf2 Ke7 35. c4 Nc5 36. Rb6 Re6 37. Rxe6+ fxe6 38. Nc3 Nxb3 39. Re2 Rxc4 40. Ne4 Rxa4 41. Ng5 Nd4 42. Rb2 b5 43. Nxh7 Ra3 44. Ng5 a5 45. h4 a4 46. Rd2 e5 47. g4 Rb3 48. h5 gxh5 49. gxh5 Nf5 0-1

[Event "Vysehrad-B"]
[Site "Prague CZE"]
[Date "1990.??.??"]
[Round "7"]
[White "Hausner, Ivan"]
[Black "Praszak, Michal"]
[Result "0-1"]
[WhiteElo "2440"]
[BlackElo "2275"]
[PlyCount "92"]
[EventDate "1990.??.??"]
[Source "www.chesslib.no"]
[SourceDate "2004.05.04"]

1. e4 c5 2. Nf3 d6 3. d4 cxd4 4. Nxd4 Nf6 5. Nc3 g6 6. Be3 Bg7 7. Be2 O-O 8. Nb3 Nc6 9. f4 Be6 10. g4 Bxb3 11. axb3 e6 12. g5 Ne8 13. h4 Nc7 14. Qd2 d5 15. Bc5 Re8 16. e5 Bf8 17. Bxf8 Rxf8 18. h5 a5 19. Nd1 Qe7 20. Nf2 Rfd8 21. Ng4 Ne8 22. Bb5 Qb4 23. Qxb4 axb4 24. Kd2 Kg7 25. Ra4 Rxa4 26. bxa4 Rc8 27. Bxc6 Rxc6 28. h6+ Kf8 29. a5 Ke7 30. Ra1 Kd7 31. Ra4 Rc4 32. a6 bxa6 33. Rxa6 Rxf4 34. Ra7+ Nc7 35. Nf6+ Kc6 36. Nxh7 Rf5 37. Ra1 Rf2+ 38. Kd3 Rh2 39. Rf1 Na6 40. Rxf7 Nc5+ 41. Ke3 Rh3+ 42. Ke2 d4 43. Nf8 b3 44. cxb3 d3+ 45. Ke1 Ne4 46. Rf1 Rh2 0-1

[Event "CSR-ch"]
[Site "Ostrava"]
[Date "1976.??.??"]
[Round "3"]
[White "Lanc, Alois"]
[Black "Trapl, Jindrich"]
[Result "1-0"]
[WhiteElo "2360"]
[BlackElo "2340"]
[PlyCount "76"]
[EventDate "1976.??.??"]
[Source "ChessBase"]

1. e4 c5 2. Nf3 d6 3. d4 cxd4 4. Nxd4 Nf6 5. Nc3 g6 6. Be3 Bg7 7. Be2 O-O 8. f4 Nc6 9. Nb3 Na5 10. g4 b6 11. g5 Nd7 12. h4 Bb7 13. Bd4 e5 14. fxe5 dxe5 15. Be3 Qc7 16. Nxa5 bxa5 17. h5 Rfd8 18. Bd3 Nc5 19. Bxc5 Qxc5 20. Qe2 Bc6 21. hxg6 hxg6 22. O-O-O Rab8 23. Bc4 Rxd1+ 24. Nxd1 Rb4 25. b3 a4 26. Qg4 Rb8 27. Rf1 Be8 28. Rf3 Qa3+ 29. Kb1 axb3 30. axb3 Qb4 31. Bd5 Qd2 32. Rf2 Qb4 33. Qf3 Qe7 34. Ne3 Qxg5 35. Bxf7+ Kh7 36. Rh2+ Bh6 37. Bxe8 Qg1+ 38. Nf1 Rb7 1-0

[Event "Belgrade Open"]
[Site "Belgrade SCG"]
[Date "1989.??.??"]
[Round "5"]
[White "Azaric, Slavko"]
[Black "Jovicic, Milos"]
[Result "1-0"]
[WhiteElo "2345"]
[BlackElo "2350"]
[PlyCount "61"]
[EventDate "1989.11.??"]
[Source "www.chesslib.no"]
[SourceDate "2004.05.04"]

1. e4 c5 2. Nf3 d6 3. d4 cxd4 4. Nxd4 Nf6 5. Nc3 g6 6. Be3 Bg7 7. Be2 Nc6 8. h4 h5 9. f3 O-O 10. Qd2 d5 11. Nxc6 bxc6 12. e5 Ne8 13. f4 f6 14. g4 fxe5 15. gxh5 Qd6 16. fxe5 Qxe5 17. O-O-O Nd6 18. Bh6 Bxh6 19. Qxh6 Qf4+ 20. Qxf4 Rxf4 21. hxg6 d4 22. Nb1 Be6 23. h5 Kg7 24. Bd3 Kh6 25. Rde1 Bd5 26. Rhg1 e6 27. g7 Rg8 28. Rg6+ Kxh5 29. Reg1 Bc4 30. R6g5+ Kh4 31. Bh7 1-0

[Event "DEN-ch"]
[Site "Copenhagen"]
[Date "1974.??.??"]
[Round "9"]
[White "Poulsen, Allan"]
[Black "Bjerring, Kai"]
[Result "0-1"]
[WhiteElo "2280"]
[BlackElo "2405"]
[PlyCount "80"]
[EventDate "1974.??.??"]
[Source "ChessBase"]

1. e4 c5 2. Nf3 d6 3. d4 cxd4 4. Nxd4 Nf6 5. Nc3 g6 6. Be3 Bg7 7. Be2 O-O 8. Nb3 Nc6 9. f4 Be6 10. g4 d5 11. f5 Bc8 12. exd5 Nb4 13. Bf3 gxf5 14. a3 fxg4 15. axb4 gxf3 16. Qxf3 Bg4 17. Qg2 Bh5 18. Bh6 Bg6 19. Bxg7 Kxg7 20. O-O-O Qb6 21. Qg5 Qxb4 22. Nd4 Rac8 23. Nf5+ Kh8 24. Rd4 Qc5 25. Rhd1 b5 26. Ne3 b4 27. Rc4 Qxc4 28. Nxc4 Rxc4 29. d6 bxc3 30. b3 Rc6 31. dxe7 Re8 32. Re1 Kg7 33. h4 h5 34. Kb1 Rb8 35. Qe5 Rxb3+ 36. Kc1 Ra3 37. e8=N+ Kh8 38. Kd1 Re6 39. Nxf6 Ra1+ 40. Ke2 Rxe5+ 0-1